[Event "WYCC 2018 O16"]
[Site "Halkidiki"]
[Date "2018.10.23"]
[Round "5"]
[White "Esipenko, Andrey"]
[Black "Olsen, Filip Boe"]
[Result "1-0"]
[WhiteElo "2609"]
[BlackElo "2335"]
[Annotator "TA"]
[PlyCount "75"]
[EventDate "2018.10.20"]
[EventType "swiss"]
[EventCountry "GRE"]
[SourceTitle "playchess.com"]
[Source "ChessBase"]
[SourceQuality "1"]

{[%evp 14,75,27,28,31,27,28,28,26,11,14,13,25,23,28,27,24,7,12,0,0,-30,-21,-24,-36,-37,-15,-16,-16,-42,-8,-26,15,13,16,0,48,36,86,19,128,119,111,111,107,110,118,122,118,110,225,198,229,140,254,94,303,350,647,640,955,939,6411,6405]} 1. d4 d5 2. c4 c6 3. cxd5 cxd5 4. Bg5 Nc6 5. Nc3 Nf6 6. Bxf6 {D10: Slav Defence: 3 cxd5 (without early Nf3) and 3 Nc3} gxf6 7. e3 e6 8. Nf3 {LiveBook: 18 Games. White has an edge.} (8. g3 f5 9. Bg2 Bd7 10. Nf3 Rc8 11. O-O Bd6 {½-½ (34) Iturrizaga Bonelli,E (2652)-Prohaszka,P (2610) Benasque 2018}) 8... Bd6 9. Be2 $146 ({Predecessor:} 9. Bd3 f5 10. h3 Bd7 11. Rc1 Qe7 12. a3 f6 13. g3 O-O-O {½-½ (88) Stojanovic,M (2503)-Vonthron,H (2377) Baden 2017}) 9... f5 10. O-O Bd7 11. a3 Rc8 12. Rc1 O-O 13. g3 Qe7 14. Nd2 Rfd8 15. Qb3 Be8 16. Qa2 Kh8 17. Bd3 f4 18. exf4 Nxd4 19. Ne2 Nxe2+ 20. Bxe2 Qf6 21. b4 a6 22. Nb3 $1 Qg7 23. Qd2 Ba4 24. Nd4 Bb8 25. Nf3 Ba7 26. Bd3 (26. Rxc8 $16 Rxc8 27. Rc1) 26... Bb3 (26... f6 $11 {remains equal.}) 27. Rxc8 $16 Rxc8 28. Rc1 Rxc1+ 29. Qxc1 {[#] Strongly threatening Qc8+.} Bc4 30. Bxc4 dxc4 31. Ne5 b5 (31... f6 $16) 32. Qd2 $18 h6 {intending ...Kg8.} 33. Qd6 ({Don't take} 33. Qd7 $6 Bb8) 33... f6 (33... c3 $16) 34. Nc6 $2 (34. Qd8+ $18 {is more deadly.} Kh7 35. Nd7) 34... Qf7 $2 {[#]} (34... c3 $16 {is a better defense.}) 35. Nd8 $1 {[%csl LRa6,LRe6,LRf7][%cal Rd8f7]} Qg6 $2 (35... Qe8 36. Nxe6 Bb8 37. Qxa6 c3) 36. Nxe6 {White is clearly winning.} Bxf2+ 37. Kxf2 {Threatening mate with Qd8+.} Qc2+ 38. Kf3 {Precision: White = 51%, Black = 38%.} 1-0

[Event "WYCC 2018 O16"]
[Site "Halkidiki"]
[Date "2018.10.23"]
[Round "5"]
[White "Yakubboev, Nodirbek"]
[Black "Mis, Mieszko"]
[Result "1-0"]
[WhiteElo "2522"]
[BlackElo "2307"]
[Annotator "TA"]
[PlyCount "71"]
[EventDate "2018.10.20"]
[EventType "swiss"]
[EventCountry "GRE"]
[SourceTitle "playchess.com"]
[Source "ChessBase"]
[SourceQuality "1"]

{[%evp 19,71,4,40,44,44,44,45,45,43,41,20,22,20,25,39,28,68,60,84,64,79,72,123,92,91,97,193,139,133,117,193,189,181,195,240,239,569,537,656,667,1016,1006,951,916,1939,1924,1858,1800,1848,1698,1348,1143,1993,1850]} 1. c4 Nf6 2. d4 g6 3. f3 c5 4. d5 Bg7 (4... e6 5. Nh3 d6 6. Nf2 b5 7. e4 Bg7 8. dxe6 Bxe6 9. cxb5 O-O 10. Be2 d5 11. O-O a6 12. a4 axb5 13. Bxb5 {1-0 (29) Ding,L (2778)-Vidit,S (2707) Liaocheng 2018}) 5. e4 d6 6. Ne2 {E60: King's Indian: Unusual lines and Fianchetto Variation without Nc3} e6 7. Nbc3 exd5 8. cxd5 a6 9. a4 Nbd7 10. Ng3 Nh5 {LiveBook: 3 Games} 11. Nxh5 gxh5 12. Be3 Ne5 13. Be2 $146 ({Predecessor:} 13. Qd2 f5 14. Be2 {½-½ (45) Sanz Wawer,D (2233)-Mis,M (2291) Kudowa-Zdroj 2018}) 13... O-O 14. O-O f5 15. f4 Ng4 16. Bxg4 $1 hxg4 17. e5 $1 b6 18. e6 Bb7 19. Qd3 Qe7 20. Rfd1 Rab8 ({Better is} 20... a5) 21. Rab1 Qf6 22. Ne2 Rbc8 (22... a5 $16) 23. Bf2 (23. b4 $18 {Hoping for bxc5.} c4 24. Qd2) 23... a5 $16 24. Be1 c4 (24... Qe7 $16 {might work better.}) 25. Qg3 Qe7 {intending ...Rc5.} 26. Bf2 Qe8 27. Nc3 ({Don't do} 27. Bxb6 $6 Qxa4 28. Bd4 Qb5) 27... Bxc3 $2 {[#]} (27... Qe7 {is more resistant.} 28. Bxb6 Ra8) 28. bxc3 $18 {White is clearly winning.} ({Less strong is} 28. Qxc3 Qxa4 29. Qg3 (29. Bxb6 Qb5 $16) 29... Qe8 $16) 28... Qxa4 29. Qh4 Qe8 30. Rxb6 Rc7 31. Rxd6 Qe7 32. Qxe7 Rxe7 33. Bh4 Rc7 34. e7 Re8 35. Rd8 Kf7 36. d6 {Precision: White = 85%, Black = 27%.} 1-0

[Event "WYCC 2018 O16"]
[Site "Halkidiki"]
[Date "2018.10.23"]
[Round "5"]
[White "Matviishen, Viktor"]
[Black "Jakab, Bela"]
[Result "1-0"]
[WhiteElo "2476"]
[BlackElo "2285"]
[Annotator "TA"]
[PlyCount "69"]
[EventDate "2018.10.20"]
[EventType "swiss"]
[EventCountry "GRE"]
[SourceTitle "playchess.com"]
[Source "ChessBase"]
[SourceQuality "1"]

{[%evp 17,69,-13,-1,-32,-29,-73,-68,-60,-61,-72,-77,-73,-60,-82,-60,-54,-35,-36,-35,-47,-40,-51,-46,-54,-40,-72,239,233,222,225,259,250,263,218,267,266,316,285,350,335,338,340,331,321,333,327,729,725,712,706,1028,1028,1028,1017]} 1. d4 d5 2. c4 c6 3. Nc3 Nf6 4. e3 a6 5. Nf3 Bf5 6. Nh4 {D15: Slav Defence: 4 Nc3 a6 and gambit lines after 4 Nc3 dxc4} (6. Qb3 b5 7. c5 a5 8. Nh4 Bc8 9. f4 g6 10. Bd3 Nh5 11. Nf3 Bf5 12. e4 a4 13. Qc2 dxe4 14. Bxe4 Bxe4 15. Nxe4 {0-1 (53) Gelfand,B (2703)-Grandelius,N (2655) Batumi 2018}) 6... Bg4 7. Qb3 b5 8. cxd5 cxd5 9. h3 Bc8 $1 {LiveBook: 3 Games} 10. a4 b4 11. Na2 e6 $146 ({Predecessor:} 11... Nc6 12. Bd2 {½-½ (12) Shumilov,I (2312)-Kulovana,E (2250) Trebic 2013}) 12. Nf3 (12. Nxb4 $2 Ne4 $19) 12... Nc6 13. Bd3 Bd6 14. O-O O-O 15. Bd2 a5 16. Nc1 Qb6 17. Ne2 Ba6 18. Rfc1 Rac8 19. Rc2 Rc7 20. Nc1 Bb7 21. Qa2 e5 $2 {[%mdl 8192] [#]} (21... Rfc8 $17 {keeps the pressure on.}) 22. Rxc6 $1 $18 {[%mdl 512]} Rxc6 (22... Qxc6 23. dxe5 Bxe5 24. Nxe5) 23. dxe5 Bb8 {White must now prevent ...Nd7.} 24. exf6 Rxf6 25. Ne2 d4 26. e4 (26. exd4 Bxf3 27. gxf3 Rxf3 $14) (26. Nexd4 Rxf3 27. Nxf3 (27. gxf3 Qh6 $16) 27... Bxf3 $16) 26... Re8 27. Rc1 (27. Nfxd4 Bxe4 28. Bxe4 Rxe4 $18) 27... Qd6 {Strongly threatening ...Rxf3!} 28. e5 ({Not} 28. Nexd4 Rxf3 29. Nxf3 Qxd3 $11) 28... Rxe5 29. Nxe5 Qxe5 30. f4 Qe7 31. Qc4 ({Inferior is} 31. Nxd4 Ba7 $15) 31... g5 $2 (31... Qd8 32. Qc5 Rd6) 32. Qc5 {White is clearly winning.} Qxc5 33. Rxc5 gxf4 34. Rb5 f3 35. Rxb7 {Precision: White = 64%, Black = 31%.} 1-0

[Event "WYCC 2018 O16"]
[Site "Halkidiki"]
[Date "2018.10.23"]
[Round "5"]
[White "Horvath, Dominik"]
[Black "Sargsyan, Tigran R."]
[Result "0-1"]
[WhiteElo "2447"]
[BlackElo "2218"]
[Annotator "TA"]
[PlyCount "118"]
[EventDate "2018.10.20"]
[EventType "swiss"]
[EventCountry "GRE"]
[SourceTitle "playchess.com"]
[Source "ChessBase"]
[SourceQuality "1"]

{[%evp 26,118,0,0,12,0,29,-27,-40,-32,-39,-38,-41,-97,-96,-162,-150,-162,-168,-143,-158,-297,-296,-282,-189,-191,-178,-294,-287,-492,-205,-222,-186,-238,-195,-207,-148,-150,-133,-149,0,-140,-118,-128,-112,-125,-111,-114,-111,-120,-111,-129,-95,-126,0,-112,-108,-131,-111,-111,-111,-111,-111,-111,-111,-111,-111,-134,-134,-134,-111,-141,-141,-340,-268,-247,-137,-438,-437,-445,-440,-362,-350,-682,-614,-3192,-1764,-3109,-2966,-29966,-29964,-29969,-29968,-6363,-5622]} 1. Nf3 d5 2. d4 Nf6 3. c4 c6 4. e3 e6 5. b3 Nbd7 6. Bb2 b6 7. Bd3 Bb7 8. O-O Be7 9. Nc3 O-O 10. Qc2 h6 {D46: Semi-Slav: 5 e3 Nbd7 6 Bd3, Black avoids the Meran} 11. Rad1 Qc7 12. e4 (12. Qe2 Rad8 13. Rfe1 Rfe8 14. Bb1 Bf8 15. Ne5 dxc4 16. Nxd7 Rxd7 17. bxc4 c5 18. d5 exd5 19. Nxd5 Nxd5 20. cxd5 {0-1 (29) Gelfand,B (2703)-Ivanchuk,V (2710) Jerusalem 2018}) 12... dxe4 13. Nxe4 Nxe4 14. Bxe4 {LiveBook: 3 Games} Rad8 15. Rfe1 Rfe8 $146 ({Predecessor:} 15... Nf6 16. Bd3 Nd7 17. a3 Bf6 18. Ne5 {½-½ (26) Muenz,W (1792)-Mehlhorn,D (1826) Bad Griesbach 2005}) 16. Re2 (16. c5 $142) 16... Nf6 $11 {[%cal Bd7f6,Bf6d5,Bd5f4][%mdl 32]} 17. Bd3 c5 {And now ...Bxf3 would win.} 18. d5 exd5 19. cxd5 (19. Be5 $15 Qc8 20. Bxf6 Bxf6 21. Rxe8+ Rxe8 22. cxd5) 19... Nxd5 $17 20. Rde1 {[#]} (20. Bc4 $17 {is a better defense.}) 20... Nf4 $1 $36 {[%mdl 2048] Black is in control.} 21. Bh7+ Kf8 22. Re3 {Be5 is the strong threat.} Bxf3 23. Rxf3 (23. gxf3 $17 Nd5 24. Re5) 23... Bf6 {[%cal Re8e1]} 24. Rfe3 Rxe3 25. fxe3 {Strongly threatening Bxf6.} Bxb2 26. exf4 (26. Qxb2 $142 Nd3 27. Bxd3 Rxd3 28. Qf2) 26... Qxf4 27. Qe2 $2 ({Don't go for} 27. Qxb2 $2 Rd2 $19) (27. Qe4 {was necessary.} Qf6 28. Bf5) 27... Bf6 (27... Qd4+ $142 28. Kh1 g6 29. Bxg6 fxg6 30. Rf1+ Kg7 31. Qe7+ Kh8 32. Qxa7 Qd3) 28. Bb1 Qd2 29. Qe4 (29. Be4 {keeps fighting.}) 29... Qd4+ 30. Kf1 Qxe4 31. Bxe4 {[%mdl 4096] Endgame KRB-KRB} Rd2 32. Re2 Rd8 (32... Rd6 $17 {aiming for ...h5.} 33. Kf2 b5) 33. Bc6 (33. Re1 $1 $11) 33... g6 34. Bb5 Bh4 {( -> ...Rd1+)} 35. g3 Bg5 36. Kg2 h5 37. Kf3 Kg7 38. h3 Kf6 39. Bc4 Kg7 ({Better is} 39... h4 $17 {Hoping for ...hxg3.} 40. Rf2 Kg7) 40. a4 (40. Bb5 $1 $11) 40... Bf6 41. Re3 Rf8 42. Re2 h4 43. gxh4 Bxh4 44. Rd2 Rd8 45. Rxd8 Bxd8 $17 {KB-KB} 46. Bd5 f5 47. Bc4 Kf6 48. Bg8 Ke5 49. Bh7 $2 (49. Bf7 $17 {might work better.}) 49... g5 $19 50. Bg6 Bc7 ({Black should try} 50... a6 $19 51. Be8 Kd4) 51. Bf7 $2 {[%mdl 8192]} (51. Ke3 $17 {is more resistant.}) 51... Kd4 52. Be6 Kc3 53. Bc4 {[#]} a6 $1 {[%cal Ba7a6,Ba6b5][%mdl 32]} 54. Ke3 $2 (54. Be6) (54. Bxa6 Kxb3) 54... g4 55. hxg4 fxg4 56. Be6 g3 57. Bc4 {[#]} b5 $1 58. axb5 axb5 59. Bd5 Bd6 {Precision: White = 24%, Black = 55%.} 0-1

[Event "WYCC 2018 O16"]
[Site "Halkidiki"]
[Date "2018.10.23"]
[Round "5"]
[White "Engel, Luis"]
[Black "Travadon, Loic"]
[Result "1-0"]
[WhiteElo "2441"]
[BlackElo "2293"]
[Annotator "ChessBase"]
[PlyCount "77"]
[EventDate "2018.10.20"]
[EventType "swiss"]
[EventCountry "GRE"]
[SourceTitle "playchess.com"]
[Source "ChessBase"]
[SourceQuality "1"]
[TimeControl "40/5400+30:1800+30"]

1. e4 {[%emt 0:00:00]} c5 {[%emt 0:00:20]} 2. Nf3 {[%emt 0:00:00]} e6 {[%emt 0:00:04]} 3. d4 {[%emt 0:00:00]} cxd4 {[%emt 0:00:33]} 4. Nxd4 {[%emt 0:00:00]} Nf6 {[%emt 0:00:05]} 5. Nc3 {[%emt 0:00:00]} Nc6 {[%emt 0:00:04]} 6. Ndb5 {[%emt 0:00:05]} Bc5 {[%emt 0:00:11]} 7. Nd6+ {[%emt 0:00:10]} Ke7 {[%emt 0:00:05]} 8. Bf4 {[%emt 0:00:07]} e5 {[%emt 0:00:22]} 9. Nf5+ {[%emt 0:00:07]} Kf8 {[%emt 0:00:05]} 10. Bg5 {[%emt 0:00:06]} d6 {[%emt 0:00:28]} 11. Ne3 {[%emt 0:04:49]} h6 {[%emt 0:00:29]} 12. Bxf6 {[%emt 0:00:06]} Qxf6 {[%emt 0:00:06]} 13. Ncd5 {[%emt 0:00:13]} Qd8 {[%emt 0:00:18]} 14. c3 {[%emt 0:06:13]} a6 {[%emt 0:00:28]} 15. a4 {[%emt 0:02:21]} Be6 {[%emt 0:01:41]} 16. Bc4 {[%emt 0:04:05]} g6 {[%emt 0:01:53]} 17. O-O {[%emt 0:01:00]} Kg7 {[%emt 0:00:08]} 18. Qd3 {[%emt 0:01:33]} Ba7 {[%emt 0:03:44]} 19. Kh1 {[%emt 0:06:26]} Rc8 {[%emt 0:01:32]} 20. Rad1 {[%emt 0:07:02]} Qd7 {[%emt 0:08:21]} 21. b4 {[%emt 0:07:29]} Rhf8 {[%emt 0:06:27]} 22. a5 {[%emt 0:02:03]} f5 {[%emt 0:02:43]} 23. exf5 {[%emt 0:06:06]} Bxf5 {[%emt 0:01:46]} 24. Qd2 {[%emt 0:10:04]} Ne7 {[%emt 0:04:27]} 25. Ba2 {[%emt 0:15:46]} Nxd5 {[%emt 0:00:25]} 26. Nxd5 {[%emt 0:00:35]} Be4 {[%emt 0:01:07]} 27. f3 {[%emt 0:01:46]} Bxd5 {[%emt 0:00:02]} 28. Bxd5 {[%emt 0:00:08]} Rf6 {[%emt 0:01:58]} 29. Rfe1 {[%emt 0:04:17]} Qc7 {[%emt 0:01:18]} 30. c4 {[%emt 0:02:16]} Bd4 {[%emt 0:08:24]} 31. Re4 {[%emt 0:00:37]} b6 {[%emt 0:09:58]} 32. Qe1 {[%emt 0:02:01]} Kf8 {[%emt 0:03:30]} 33. Rdxd4 {[%emt 0:02:42]} exd4 {[%emt 0:00:13]} 34. axb6 {[%emt 0:00:06]} Qxb6 {[%emt 0:00:13]} 35. Re7 {[%emt 0:00:11]} h5 {[%emt 0:10:40]} 36. Rh7 {[%emt 0:01:37]} Rc7 {[%emt 0:00:04]} 37. Rh8+ {[%emt 0:00:33]} Kg7 {[%emt 0:00:01]} 38. Qe8 {[%emt 0:00:39]} Rff7 {[%emt 0:01:16]} 39. Rg8+ 1-0

[Event "WYCC 2018 O16"]
[Site "Halkidiki"]
[Date "2018.10.23"]
[Round "5"]
[White "Vlachos, Anatole"]
[Black "Nielsen, Andre"]
[Result "1-0"]
[WhiteElo "2435"]
[BlackElo "2260"]
[Annotator "RC"]
[PlyCount "57"]
[EventDate "2018.10.20"]
[EventType "swiss"]
[EventCountry "GRE"]
[SourceTitle "playchess.com"]
[Source "ChessBase"]
[SourceQuality "1"]
[TimeControl "40/5400+30:1800+30"]

1. d4 {[%emt 0:00:00]} Nf6 {[%emt 0:00:00]} 2. Bg5 {[%emt 0:00:00]} Ne4 {[%emt 0:00:33]} 3. Bf4 {[%emt 0:00:00]} d5 {[%emt 0:00:12]} 4. f3 {[%emt 0:00:00]} Nd6 {[%emt 0:03:49]} 5. Nc3 {[%emt 0:00:47]} e6 {[%emt 0:01:14]} 6. e4 {[%emt 0:00:45]} c6 {[%emt 0:01:19]} 7. Bd3 {[%emt 0:03:01]} Be7 {[%emt 0:02:13]} 8. Nge2 {[%emt 0:00:50]} b5 {[%emt 0:03:17]} 9. a3 {[%emt 0:01:37]} O-O {[%emt 0:01:10]} 10. O-O {[%emt 0:00:25]} Nd7 {[%emt 0:02:38]} 11. Kh1 {[%emt 0:03:38]} Nb6 {[%emt 0:08:26]} 12. Ng3 {[%emt 0:06:01]} Ndc4 {[%emt 0:05:49]} 13. Ra2 {[%emt 0:02:04]} a5 {[%emt 0:01:10]} 14. Nh5 {[%emt 0:08:06]} Bd7 {[%emt 0:10:20]} 15. Qe1 {[%emt 0:08:04]} g6 {[%emt 0:08:53]} 16. Bh6 {[%emt 0:01:44]} Re8 {[%emt 0:03:01]} 17. e5 {[%emt 0:00:12]} b4 {[%emt 0:06:19]} 18. axb4 {[%emt 0:01:09]} axb4 {[%emt 0:00:26]} 19. Rxa8 {[%emt 0:00:07]} Nxa8 {[%emt 0:02:30]} 20. Na4 {[%emt 0:07:16]} c5 {[%emt 0:04:21]} 21. Nxc5 {[%emt 0:02:10]} Nxb2 {[%emt 0:00:28]} 22. Nf6+ {[%emt 0:01:52]} Bxf6 {[%emt 0:00:36]} 23. exf6 {[%emt 0:00:01]} Nxd3 {[%emt 0:05:52]} 24. cxd3 {[%emt 0:00:16]} Bc6 {[%emt 0:03:28]} 25. Bg5 {[%emt 0:02:09]} h6 {[%emt 0:03:11]} 26. Bh4 {[%emt 0:01:51]} g5 {[%emt 0:05:45]} 27. Bxg5 {[%emt 0:01:01]} e5 {[%emt 0:13:24]} 28. Qg3 {[%emt 0:00:06]} Kh7 {[%emt 0:00:42]} 29. Qh4 {[%emt 0:00:07]} 1-0

[Event "WYCC 2018 O16"]
[Site "Halkidiki"]
[Date "2018.10.23"]
[Round "5"]
[White "Zarubitski, Viachaslau"]
[Black "Thilakarathne, G M H"]
[Result "1/2-1/2"]
[WhiteElo "2417"]
[BlackElo "2268"]
[Annotator "TA"]
[PlyCount "102"]
[EventDate "2018.10.20"]
[EventType "swiss"]
[EventCountry "GRE"]
[SourceTitle "playchess.com"]
[Source "ChessBase"]
[SourceQuality "1"]

{[%evp 20,102,20,20,29,20,20,20,20,15,24,18,35,20,18,22,14,23,22,27,18,19,31,41,86,74,105,100,84,72,71,66,72,73,72,83,73,72,100,100,104,103,121,121,122,104,111,116,106,106,122,135,137,119,114,65,64,57,65,64,222,8,8,8,8,0,8,0,0,0,0,0,0,0,0,0,0,0,0,0,0,0,0,0,0]} 1. e4 c5 2. Nf3 d6 3. d4 cxd4 4. Nxd4 Nf6 5. Nc3 Nc6 6. Bg5 e6 7. Qd2 a6 8. O-O-O Bd7 9. f3 Nxd4 10. Qxd4 h6 {B67: Sicilian: Richter-Rauzer: 7...a6 8 0-0-0 Bd7, lines without 9 f4 Be7} (10... Be7 11. Kb1 b5 12. Bxf6 gxf6 13. Ne2 Rc8 14. Qd2 Qb6 15. Nf4 h5 16. g3 Rc7 17. Bd3 Kd8 18. c3 {½-½ (41) Anand,V (2776)-Carlsen,M (2843) Karlsruhe/Baden-Baden 2018}) 11. Be3 {LiveBook: 4 Games} Bc6 $146 ({Predecessor:} 11... b5 12. h4 Be7 13. a3 Rb8 14. g4 a5 15. Na2 d5 16. Be2 b4 17. axb4 axb4 18. g5 {½-½ (34) Saenko,O (2508)-Yarmolyuk,Y (2357) ICCF email 2008}) 12. Kb1 d5 13. e5 Nd7 14. f4 Bc5 15. Qd2 O-O 16. Bxc5 Nxc5 17. Qe3 Qe7 18. Be2 b5 19. Bf3 b4 20. Ne2 a5 21. Nd4 Rfc8 22. f5 a4 23. fxe6 fxe6 24. Nxc6 Rxc6 {[#]} 25. Rxd5 $1 {[%mdl 512]} exd5 26. Bxd5+ {[#]} Re6 $1 27. Bxa8 (27. Bxe6+ Nxe6) 27... Rxe5 28. Qd2 Ne4 {[#]} 29. Qd4 $1 Nf6 {Strongly threatening ...Re1+.} 30. Rd1 Re1 31. Bf3 Rxd1+ 32. Qxd1 Qe5 33. a3 bxa3 34. bxa3 Qxh2 {[#]} 35. Qd4 $1 Qb8+ 36. Qb4 Qe8 37. c4 g5 38. c5 {c6 is the strong threat.} g4 39. Bd1 {And now Qc4+ would win.} Qc6 $2 (39... Kf7 $14) 40. Bxg4 $2 ({Weaker is} 40. Qxa4 Qxc5 41. Bxg4 Qb6+ 42. Ka1 Qg1+ 43. Bd1 Qxg2 $16) ({White has to play} 40. Bxa4 $18 Qxg2 41. Qb8+ Kg7 42. Qc7+ Kf8 43. Qd6+ Kf7 44. Qc7+ Kf8 45. Qd6+ Kf7 46. Qc7+ Kf8) 40... Qxg2 $11 {The position is equal.} 41. Bd1 Qg1 $132 {[%mdl 2048] Black puts up resistance} 42. Qc4+ Kf8 43. Qc1 Ne4 {aiming for ...Qxd1!} 44. c6 {Black must now prevent c7.} Qb6+ 45. Ka2 Qf2+ 46. Bc2 Nc3+ 47. Ka1 {Threatens to win with c7.} Qf6 48. c7 Nd1+ 49. Kb1 Nc3+ $1 50. Ka1 Nd1+ 51. Kb1 Nc3+ $1 {Precision: White = 72%, Black = 75%.} 1/2-1/2

[Event "WYCC 2018 O16"]
[Site "Halkidiki"]
[Date "2018.10.23"]
[Round "5"]
[White "Vestby-Ellingsen, Mads"]
[Black "Filgueiras, Nathan Felipe"]
[Result "1-0"]
[WhiteElo "2410"]
[BlackElo "2188"]
[Annotator "ChessBase"]
[PlyCount "45"]
[EventDate "2018.10.20"]
[EventType "swiss"]
[EventCountry "GRE"]
[SourceTitle "playchess.com"]
[Source "ChessBase"]
[SourceQuality "1"]
[TimeControl "40/5400+30:1800+30"]

1. e4 {[%emt 0:00:00]} e5 {[%emt 0:00:00]} 2. Nf3 {[%emt 0:00:00]} Nc6 {[%emt 0:00:00]} 3. Nc3 {[%emt 0:02:44]} Nf6 {[%emt 0:00:36]} 4. d4 {[%emt 0:00:17]} exd4 {[%emt 0:02:53]} 5. Nxd4 {[%emt 0:00:16]} Nxe4 {[%emt 0:08:22]} 6. Nxe4 {[%emt 0:08:36]} Qe7 {[%emt 0:00:07]} 7. Nb5 {[%emt 0:05:06]} Qxe4+ {[%emt 0:02:08]} 8. Be2 {[%emt 0:00:32]} Kd8 {[%emt 0:05:45]} 9. O-O {[%emt 0:05:29]} d6 {[%emt 0:12:06]} 10. Re1 {[%emt 0:03:40]} Be6 {[%emt 0:18:47]} 11. f4 {[%emt 0:10:19]} Qd5 {[%emt 0:10:38]} 12. Bd3 {[%emt 0:00:45]} Nb4 {[%emt 0:02:36]} 13. Nc3 {[%emt 0:01:09]} Qa5 {[%emt 0:02:34]} 14. Be4 {[%emt 0:01:02]} c6 {[%emt 0:02:38]} 15. a3 {[%emt 0:10:46]} Nd5 {[%emt 0:06:56]} 16. Bxd5 {[%emt 0:08:54]} Bxd5 {[%emt 0:02:50]} 17. b4 {[%emt 0:01:38]} Qc7 {[%emt 0:03:24]} 18. Nxd5 {[%emt 0:00:15]} cxd5 {[%emt 0:00:02]} 19. Qxd5 {[%emt 0:00:19]} Be7 {[%emt 0:01:10]} 20. Bb2 {[%emt 0:02:07]} Re8 {[%emt 0:01:33]} 21. Qxf7 {[%emt 0:04:04]} Qd7 {[%emt 0:02:01]} 22. Rad1 {[%emt 0:05:59]} Kc7 {[%emt 0:01:28]} 23. Bxg7 {[%emt 0:11:46]} 1-0

[Event "WYCC 2018 O16"]
[Site "Halkidiki"]
[Date "2018.10.23"]
[Round "5"]
[White "Kaasen, Tor Fredrik"]
[Black "Sargsyan, Shant"]
[Result "0-1"]
[WhiteElo "2388"]
[BlackElo "2463"]
[Annotator "TA"]
[PlyCount "126"]
[EventDate "2018.10.20"]
[EventType "swiss"]
[EventCountry "GRE"]
[SourceTitle "playchess.com"]
[Source "ChessBase"]
[SourceQuality "1"]

{[%evp 18,126,-13,-5,0,0,4,12,37,0,17,-37,-33,-83,-82,-128,-103,-92,-83,-93,-88,-96,-92,-104,-96,-106,-86,-89,-95,-83,-89,-85,-67,-87,-95,-85,-74,-357,-355,-477,-477,-466,-468,-473,-475,-466,-472,-472,-470,-451,-420,-471,-470,-469,-472,-449,-442,-524,-520,-500,-486,-523,-427,-427,-427,-417,-389,-414,-364,-349,-327,-368,-338,-491,-491,-481,-487,-484,-485,-470,-458,-733,-702,-994,-994,-994,-994,-994,-994,-994,-987,-987,-609,-987,-972,-946,-899,-946,-885,-859,-568,-5587,-5575,-5385,-5372,-4929,-4922,-2327,-1936,-1933,-1734]} 1. Nf3 d5 2. d4 Nf6 3. c4 e6 4. g3 Bb4+ 5. Nbd2 dxc4 6. Bg2 b5 {E04: Open Catalan: 5 Nf3} 7. a4 c6 8. O-O O-O 9. Ne1 Nd5 10. e4 {LiveBook: 5 Games} Nf6 (10... Nb6 11. a5 N6d7 12. e5 Bb7 13. Ne4 Na6 14. Bg5 {½-½ (44) Wang,H (2709)-Ding,L (2777) Huaian 2017}) 11. e5 Nd5 12. Ne4 Be7 $146 ({Predecessor:} 12... a5 13. Qh5 Ra7 14. Nf3 {1-0 (28) Tari,A (2518)-Sjodahl,P (2422) Vasteras 2015}) 13. Qg4 {[%mdl 1024] With the idea Bh6. White has compensation.} Kh8 14. h4 (14. Qh5 $11) 14... Nd7 $15 15. h5 h6 16. Qe2 bxa4 17. Rxa4 c5 18. dxc5 Nxc5 19. Nxc5 Bxc5 20. Qxc4 Bd7 21. Ra1 Rc8 {[#] Threatens to win with ...Bxf2+!} 22. Qb3 Qb6 23. Qxb6 Bxb6 24. Be4 Bb5 25. Bd3 Bxd3 26. Nxd3 Rfd8 $36 {[%mdl 2048] Black has strong initiative.} 27. Bd2 $2 {[%mdl 8192] [#]} (27. Kg2 $17 {is a better defense.}) 27... Nc7 $1 $19 28. Be3 Rxd3 29. Bxb6 axb6 30. Rfc1 Rdd8 31. Ra7 Nd5 32. Rxc8 Rxc8 33. Rxf7 {[%mdl 4096] Endgame KRN-KR} b5 34. Rd7 Kg8 35. f4 Rc7 36. Rd6 Kf7 37. f5 Ne3 38. fxe6+ Ke7 39. Rb6 Ng4 40. Rxb5 Kxe6 41. Kg2 Nxe5 42. Kh3 Nf3 43. Rb6+ Kf7 44. Kg4 Ne5+ 45. Kh3 (45. Kf5 {was called for.} Nc4 46. Rb4) 45... Rc1 {Black is clearly winning.} 46. Kg2 Rc2+ 47. Kh3 Nd3 48. b3 Rb2 49. Rb7+ (49. Kg4 $142) 49... Kg8 50. Kg4 Nc1 51. b4 Na2 52. b5 Nc3 53. Rb8+ Kh7 54. b6 Na4 55. b7 {intending Ra8.} Nc5 56. Rc8 Nxb7 57. Rb8 Rb4+ 58. Kh3 Rb5 59. g4 Nd6 60. Rd8 Ne4 61. Rd4 Rb3+ 62. Kh2 Nf6 63. Kg2 Re3 {Precision: White = 48%, Black = 86%.} 0-1